Topley and Wilson's Principles of bacteriology, virology and immunity (Record no. 4729)

000 -LEADER
fixed length control field 01103cam a2200313 | 4500
003 - CONTROL NUMBER IDENTIFIER
control field CaAEU
005 - DATE AND TIME OF LATEST TRANSACTION
control field 20220328085800.0
008 - FIXED-LENGTH DATA ELEMENTS--GENERAL INFORMATION
fixed length control field 062580s1975 enk 0 eng l
020 ## - INTERNATIONAL STANDARD BOOK NUMBER
International Standard Book Number 0713142022
040 ## - CATALOGING SOURCE
Transcribing agency ALUPE UNIVERSITY
049 ## - LOCAL HOLDINGS (OCLC)
Holding library aeu
050 0# - LIBRARY OF CONGRESS CALL NUMBER
Classification number QR 46
Item number .T67 1975
090 00 - LOCALLY ASSIGNED LC-TYPE CALL NUMBER (OCLC); LOCAL CALL NUMBER (RLIN)
Classification number (OCLC) (R) ; Classification number, CALL (RLIN) (NR) QR 46 T67 1975
Local cutter number (OCLC) ; Book number/undivided call number, CALL (RLIN) AEU
100 1# - MAIN ENTRY--PERSONAL NAME
Personal name Topley, W. W. C.
Dates associated with a name 1886-1944.
245 00 - TITLE STATEMENT
Title Topley and Wilson's Principles of bacteriology, virology and immunity
Statement of responsibility, etc. by Graham S. Wilson and Ashley Miles. With the help of Elizabeth Asheshov [and others]
250 ## - EDITION STATEMENT
Edition statement 6th ed.
260 ## - PUBLICATION, DISTRIBUTION, ETC.
Place of publication, distribution, etc. [London]
Name of publisher, distributor, etc. Arnold
Date of publication, distribution, etc. [1975]
300 ## - PHYSICAL DESCRIPTION
Extent 2 v. (2706, lvi p.)
Other physical details illus.
Dimensions 25 cm.
336 ## - CONTENT TYPE
Content type term text
Content type code txt
Source rdacontent
337 ## - MEDIA TYPE
Media type term unmediated
Media type code n
Source rdamedia
338 ## - CARRIER TYPE
Carrier type term volume
Carrier type code nc
Source rdacarrier
500 ## - GENERAL NOTE
General note Previous editions under title: Topley and Wilson's Principles of bacteriology and immunity.
650 #0 - SUBJECT ADDED ENTRY--TOPICAL TERM
Topical term or geographic name entry element Medical microbiology.
650 #0 - SUBJECT ADDED ENTRY--TOPICAL TERM
Topical term or geographic name entry element Immunology.
650 #0 - SUBJECT ADDED ENTRY--TOPICAL TERM
Topical term or geographic name entry element Bacteriology.
700 1# - ADDED ENTRY--PERSONAL NAME
Personal name Wilson, Graham S.
Fuller form of name (Graham Selby),
Titles and other words associated with a name Sir,
Dates associated with a name 1895-1987
700 1# - ADDED ENTRY--PERSONAL NAME
Personal name Miles, Ashley,
Titles and other words associated with a name Sir,
Dates associated with a name 1904-1988
942 ## - ADDED ENTRY ELEMENTS (KOHA)
Source of classification or shelving scheme
Koha item type Book
Suppress in OPAC MM
Holdings
Withdrawn status Lost status Source of classification or shelving scheme Damaged status Not for loan Permanent Location Current Location Shelving location Date acquired Source of acquisition Total Checkouts Full call number Barcode Date last seen Price effective from Koha item type Public note
          AU LIBRARY AU LIBRARY Open Shelf 28.03.2022 DONATION FROM MOI UNIVERSITY   QR 46 .T67 1975 28007049 28.03.2022 28.03.2022 Book MM

Powered by Koha